| 000 | 00915nam a2200265Ia 4500 | ||
|---|---|---|---|
| 003 | OSt | ||
| 005 | 20220923211257.0 | ||
| 006 | a|||||r|||| 00| 0 | ||
| 007 | ta | ||
| 008 | 220922b |||||||| |||| 00| 0 pan d | ||
| 020 |
_a9788178839974 (hbk) _c175 |
||
| 024 | _a349,524 | ||
| 037 |
_b175, 15/02/2019, National Book Shop _cTextual |
||
| 040 |
_aARTS _cARTS _bpan |
||
| 041 |
_2pan _apan |
||
| 082 | _aO153,3NSUx, Q6 | ||
| 100 | _aਸੁਖਜੀਤ, ਂਚ. | ||
| 245 | 0 | _aਹੁਣ ਮੈ੍ਵ ਇੰਜੁਆਏ ਕਰਦੀ ਆਂ | |
| 260 |
_aਲੁਧਿਆਨਾ _b ਚੇਤਨਾ ਪ੍ਰਕਾFਨ _c2016 |
||
| 300 |
_a127ਪ੍ਰ0 _ccm. |
||
| 650 | _a ਪੰਜਾਬੀ ਕਹਾਣੀ | ||
| 650 | _aਪੰਜਾਬੀ ਸਾਹਿਤ | ||
| 942 |
_hO153,3NSUx, Q6 _cTEXL _2CC |
||
| 999 |
_c298068 _d298068 |
||